000 00412nam a2200181Ia 4500
005 20240823051237.0
008 240823s9999||||xx |||||||||||||| ||und||
041 _aENGLISH
082 _A370.1524 N4
100 _aMacmillan
245 0 _aTests of Reasoning
250 _a1st
260 _c1994
_b"Macmillan,Madras"
500 _aTransfered
650 _aGeneral
_bGeneral
942 _cBK
999 _c219131
_d219131